000 00394cam a22001337a 4500
008 180718b1966 xxu||||| |||| 00| 0 eng d
082 _aB12431 M48
100 _aMeland, Bernard E.
245 _aSecularization of modern cultures
_cby Bernard E. Meland
260 _aNew York
_bOxford University Press
_c1966
300 _a163p.
650 _aReligion and Sociology
650 _aReligon and State
999 _c373624
_d373624